[Event "30th NATO Chess Championship"]
[Site "Berlin"]
[Date "2019.09.17"]
[Round "3.13"]
[White "Werksma, Arie"]
[Black "Marquardt, Christian"]
[Result "1-0"]
[WhiteElo "2197"]
[BlackElo "2049"]
[PlyCount "97"]
[EventDate "2019.09.16"]
[EventType "team-tourn"]
[EventRounds "7"]
[EventCountry "GER"]

1. e4 c6 2. d4 d5 3. e5 Bf5 4. c3 e6 5. Be3 Nd7 6. Nd2 Ne7 7. f4 h5 8. Ngf3 Qc7
9. Be2 c5 10. O-O Bg4 11. Bf2 Nc6 12. h3 Bxf3 13. Nxf3 cxd4 14. Nxd4 g6 15. Nb5
Qb8 16. c4 a6 17. cxd5 axb5 18. dxc6 bxc6 19. Bf3 Ra6 20. a4 Be7 21. axb5 Rxa1
22. Qxa1 Qxb5 23. Qa8+ Nb8 24. Bxc6+ Qxc6 25. Qxb8+ Bd8 26. Rd1 Qc7 27. Qb5+
Kf8 28. Bc5+ Kg7 29. Rd7 Qc8 30. b4 Bh4 31. Kh2 Qa8 32. Qd3 Be1 33. Qe2 Bh4 34.
g3 Bd8 35. h4 Qc6 36. Rd6 Qa4 37. Ra6 Qd7 38. Ra7 Qc6 39. Qg2 Qb5 40. Qb7 Qe2+
41. Kg1 Qd1+ 42. Kg2 Qc2+ 43. Bf2 Rf8 44. b5 Qf5 45. Qf3 Qc2 46. Qe3 Re8 47. b6
Be7 48. Rc7 Qb1 49. Qf3 1-0

[Event "30th NATO Chess Championship"]
[Site "Berlin"]
[Date "2019.09.17"]
[Round "3.19"]
[White "Casteleijn, Diederick"]
[Black "Abbate, Giovanni"]
[Result "1-0"]
[WhiteElo "2079"]
[BlackElo "1600"]
[PlyCount "121"]
[EventDate "2019.09.16"]
[EventType "team-tourn"]
[EventRounds "7"]
[EventCountry "GER"]

1. e4 c6 2. Ne2 d6 3. g3 g6 4. Bg2 Bg7 5. O-O Nf6 6. d4 O-O 7. c3 b5 8. h3 Bb7
9. Bg5 h6 10. Be3 Nbd7 11. g4 Qc7 12. Ng3 Nb6 13. Na3 Rad8 14. Qd2 Kh7 15. f4
e6 16. g5 Ng8 17. h4 a6 18. f5 exf5 19. exf5 gxf5 20. Nxf5 hxg5 21. hxg5 Ne7
22. Be4 Ng6 23. Qh2+ Kg8 24. Nxg7 Kxg7 25. Qh6+ Kg8 26. Rf3 Bc8 27. Raf1 Qe7
28. Bxg6 fxg6 29. Qxg6+ Qg7 30. Rxf8+ Rxf8 31. Rxf8+ Kxf8 32. Qxd6+ Qe7 33.
Qh6+ Kg8 34. Qg6+ Kf8 35. Qh6+ Kg8 36. Bf2 Qd7 37. Qg6+ Kf8 38. Qf6+ Kg8 39.
Qg6+ Kf8 40. Qe4 Qg4+ 41. Qxg4 Bxg4 42. Nc2 Nd5 43. Kg2 Kf7 44. Kg3 Bf5 45. Ne3
Nxe3 46. Bxe3 Kg6 47. Kf4 Bb1 48. a4 bxa4 49. Ke5 Ba2 50. Kd6 Bd5 51. Kc5 Kf5
52. c4 Bf7 53. Kxc6 Bxc4 54. d5 Bb5+ 55. Kc7 Be8 56. Kd8 Bb5 57. Ke7 Ke5 58. d6
Ke4 59. g6 Kxe3 60. g7 Bc4 61. d7 1-0

[Event "30th NATO Chess Championship"]
[Site "Berlin"]
[Date "2019.09.17"]
[Round "3.21"]
[White "Delfino, Luigi"]
[Black "Heran-Boily, Samuel"]
[Result "1-0"]
[WhiteElo "2235"]
[BlackElo "1933"]
[PlyCount "23"]
[EventDate "2019.09.16"]
[EventType "team-tourn"]
[EventRounds "7"]
[EventCountry "GER"]

1. e4 e5 2. Nf3 Nc6 3. Bb5 Nf6 4. Qe2 Bc5 5. d3 d6 6. c3 O-O 7. Bg5 h6 8. Bh4
a6 9. Ba4 b5 10. Bb3 Be6 11. Nbd2 Na5 12. Bxe6 1-0

[Event "30th NATO Chess Championship"]
[Site "Berlin"]
[Date "2019.09.17"]
[Round "3.23"]
[White "Valeinis, Janis"]
[Black "Middaugh, Jon S"]
[Result "1-0"]
[WhiteElo "2206"]
[BlackElo "1918"]
[PlyCount "147"]
[EventDate "2019.09.16"]
[EventType "team-tourn"]
[EventRounds "7"]
[EventCountry "GER"]

1. d4 Nf6 2. Nc3 d5 3. Bf4 e6 4. e3 Bd6 5. Nf3 O-O 6. Bd3 Bxf4 7. exf4 c5 8.
dxc5 Qc7 9. Qd2 Na6 10. Nb5 Qxc5 11. c3 Bd7 12. Nbd4 Qc7 13. Ne5 Nc5 14. Bc2
Nfe4 15. Qe3 Nd6 16. O-O Ba4 17. b4 Bxc2 18. bxc5 Nf5 19. Qd2 Ba4 20. Nxf5 exf5
21. Qxd5 Rfd8 22. Qc4 Be8 23. Rfd1 Rac8 24. Rd4 Kf8 25. Qb4 a5 26. Qa3 f6 27.
c6+ Kg8 28. Qb3+ Kh8 29. cxb7 Rb8 30. Rxd8 Rxd8 31. Nf3 Bf7 32. Qb5 Bc4 33.
Qxf5 Bxa2 34. h3 Bd5 35. Nh4 Qxb7 36. Rxa5 Be4 37. Qc5 Qb8 38. Qe3 Re8 39. Qg3
Qb1+ 40. Kh2 Bc2 41. Ra7 g6 42. Nf3 Qb6 43. Ra1 Qc7 44. Re1 Rc8 45. Nd4 Ba4 46.
Re3 Re8 47. h4 Rxe3 48. Qxe3 Qd6 49. Kg1 Bd7 50. Qe4 Kg7 51. f3 Kf7 52. g4 Qc5
53. Qe3 Qa7 54. Kf2 Qc7 55. g5 Qd6 56. Kg3 Bc8 57. Nb5 Qe7 58. Qd2 Kf8 59. Nd6
Bd7 60. Ne4 fxg5 61. fxg5 Qe5+ 62. Qf4+ Qxf4+ 63. Kxf4 Bc6 64. Ke5 Ke7 65. f4
Bb7 66. Nf6 Ba6 67. Nxh7 Bd3 68. Nf6 Bb1 69. c4 Bd3 70. c5 Be2 71. f5 Bd3 72.
fxg6 Bxg6 73. h5 Bf7 74. g6 1-0

[Event "30th NATO Chess Championship"]
[Site "Berlin"]
[Date "2019.09.17"]
[Round "3.30"]
[White "Nielsen, Jan Mose"]
[Black "Slaidins, Janis"]
[Result "1/2-1/2"]
[WhiteElo "2044"]
[BlackElo "1834"]
[PlyCount "110"]
[EventDate "2019.09.16"]
[EventType "team-tourn"]
[EventRounds "7"]
[EventCountry "GER"]

1. e4 e5 2. Bc4 d6 3. Nf3 Be7 4. d4 exd4 5. c3 Nf6 6. cxd4 Nxe4 7. Qb3 O-O 8.
Bd5 Nf6 9. Bxb7 Bxb7 10. Qxb7 Nbd7 11. Nc3 c5 12. O-O Qb6 13. Qxb6 axb6 14. Re1
Rfe8 15. Nb5 Nd5 16. a3 Kf8 17. Bd2 Rac8 18. Kf1 Rc6 19. Ng5 h6 20. Ne4 N7f6
21. Bc3 Nxe4 22. Rxe4 Bf6 23. Rxe8+ Kxe8 24. dxc5 Nxc3 25. bxc3 dxc5 26. Re1+
Kd7 27. Rd1+ Ke7 28. c4 Rc8 29. Ke2 Ra8 30. Rd3 Ra4 31. Nd6 Ke6 32. Nc8 Rxc4
33. Nxb6 Rc2+ 34. Rd2 Rc1 35. Nd5 Bd4 36. Nf4+ Kd6 37. Ra2 Kc6 38. Nd3 Rh1 39.
h3 Kb5 40. a4+ Ka5 41. Rc2 Kb6 42. a5+ Kb5 43. Ra2 Ra1 44. Rxa1 Bxa1 45. a6
Kxa6 46. Nxc5+ Kb6 47. Nb3 Bb2 48. Kd3 Kc6 49. Ke4 Bc3 50. Nc1 Kd6 51. Ne2 Bb2
52. f4 Ke6 53. g4 g6 54. Ng3 Bc1 55. Ne2 f5+ 1/2-1/2

[Event "30th NATO Chess Championship"]
[Site "Berlin"]
[Date "2019.09.17"]
[Round "3.31"]
[White "Allmann, Lauri"]
[Black "Schott, Guido"]
[Result "0-1"]
[WhiteElo "1827"]
[BlackElo "2043"]
[PlyCount "70"]
[EventDate "2019.09.16"]
[EventType "team-tourn"]
[EventRounds "7"]
[EventCountry "GER"]
[WhiteTeam "EST"]
[BlackTeam "GER"]

1. g3 c5 2. Bg2 Nc6 3. c4 g6 4. Nc3 Bg7 5. e3 e5 6. Nge2 Nge7 7. O-O d6 8. a3
O-O 9. Rb1 a5 10. b3 Bg4 11. Bb2 Qd7 12. Nd5 Nxd5 13. Bxd5 Ne7 14. Bg2 Rad8 15.
f3 Bf5 16. e4 Be6 17. Nc3 f5 18. d3 Nc6 19. Nd5 Rf7 20. Bc3 Rdf8 21. Rb2 Bh6
22. Bd2 g5 23. Qc1 Qd8 24. h4 f4 25. hxg5 Bxg5 26. g4 h5 27. gxh5 Rg7 28. Be1
Bh4 29. Bxh4 Qxh4 30. Rff2 Kh8 31. Kf1 Rfg8 32. Kg1 Nd4 33. Qd1 Rg3 34. Nc7 Rh3
35. Kf1 Rh1+ 0-1

[Event "30th NATO Chess Championship"]
[Site "Berlin"]
[Date "2019.09.17"]
[Round "3.32"]
[White "Michalski, Daniel"]
[Black "Van den Heuvel, Tonnie"]
[Result "1-0"]
[WhiteElo "2024"]
[BlackElo "1819"]
[PlyCount "35"]
[EventDate "2019.09.16"]
[EventType "team-tourn"]
[EventRounds "7"]
[EventCountry "GER"]
[WhiteTeam "POL"]
[BlackTeam "NED"]

1. d4 b6 2. e4 Bb7 3. Bd3 e6 4. Nf3 c5 5. c3 cxd4 6. cxd4 Nf6 7. Qe2 Be7 8. Nc3
O-O 9. O-O Nc6 10. e5 Ne8 11. d5 exd5 12. Nxd5 f5 13. Bc4 Kh8 14. Nxe7 Nxe7 15.
Ng5 Bd5 16. Bxd5 Nxd5 17. Qh5 h6 18. Nf7+ 1-0

[Event "30th NATO Chess Championship"]
[Site "Berlin"]
[Date "2019.09.17"]
[Round "3.33"]
[White "Nilsson, Erik"]
[Black "Geroly, Jozsef"]
[Result "1/2-1/2"]
[WhiteElo "2022"]
[BlackElo "1766"]
[PlyCount "46"]
[EventDate "2019.09.16"]
[EventType "team-tourn"]
[EventRounds "7"]
[EventCountry "GER"]
[WhiteTeam "DEN"]
[BlackTeam "HUN"]

1. d4 Nf6 2. c4 c5 3. d5 b5 4. cxb5 a6 5. e3 axb5 6. Bxb5 Qa5+ 7. Nc3 Ne4 8.
Nge2 g6 9. O-O Bg7 10. Bxd7+ Nxd7 11. Nxe4 O-O 12. Bd2 Qb6 13. Bc3 Ne5 14. Qc2
Ba6 15. Rfd1 Rfd8 16. Bxe5 Bxe5 17. N4c3 Rdb8 18. Rd2 Ra7 19. Nc1 Rab7 20. Rb1
Qa5 21. Nb3 Qb4 22. Nd1 Qb5 23. Nc3 Qb4 1/2-1/2

[Event "30th NATO Chess Championship"]
[Site "Berlin"]
[Date "2019.09.17"]
[Round "3.34"]
[White "Parker, Glen"]
[Black "Voroblievas, Arturas"]
[Result "1-0"]
[WhiteElo "2014"]
[BlackElo "1762"]
[PlyCount "89"]
[EventDate "2019.09.16"]
[EventType "team-tourn"]
[EventRounds "7"]
[EventCountry "GER"]
[WhiteTeam "ENG"]
[BlackTeam "LTU"]

1. e4 e5 2. Nf3 Nc6 3. Bc4 Nf6 4. d3 Bc5 5. Nc3 h6 6. Be3 Bb6 7. Qd2 d6 8.
O-O-O Ba5 9. Ng1 Nd4 10. f4 Ng4 11. Rf1 Bxc3 12. bxc3 Nc6 13. fxe5 Ncxe5 14.
Bb3 Nxe3 15. Qxe3 O-O 16. Nf3 Ng4 17. Qe2 c5 18. h3 Ne5 19. Nxe5 dxe5 20. Rxf7
Rxf7 21. Rf1 Kh8 22. Rxf7 Qd6 23. Qf2 Be6 24. Bxe6 Qxe6 25. Rf8+ Rxf8 26. Qxf8+
Kh7 27. Qxc5 b6 28. Qd5 Qf6 29. Kb2 a5 30. d4 exd4 31. cxd4 Qe7 32. a3 Qa7 33.
e5 b5 34. Qe4+ Kh8 35. d5 b4 36. axb4 a4 37. Ka3 Qg1 38. Kxa4 Qa1+ 39. Kb5 Qa8
40. e6 Qe8+ 41. Kc4 Qa8 42. e7 Qa6+ 43. Kb3 g6 44. e8=Q+ Kg7 45. Q4e7# 1-0

[Event "30th NATO Chess Championship"]
[Site "Berlin"]
[Date "2019.09.17"]
[Round "3.35"]
[White "Fielding, Michael"]
[Black "Cirkvencic, Franci"]
[Result "0-1"]
[WhiteElo "1760"]
[BlackElo "2008"]
[PlyCount "48"]
[EventDate "2019.09.16"]
[EventType "team-tourn"]
[EventRounds "7"]
[EventCountry "GER"]
[WhiteTeam "ENG"]
[BlackTeam "SLO"]

1. e4 c5 2. b3 d6 3. Bb2 Nc6 4. Nf3 e5 5. Bc4 Bg4 6. h3 Bh5 7. g4 Bg6 8. d3 h5
9. g5 h4 10. Qd2 Be7 11. Rg1 Nd4 12. Nxd4 cxd4 13. Bb5+ Kf8 14. f4 Rh5 15. Bc1
exf4 16. Qxf4 Qa5+ 17. Bd2 Qxb5 18. a4 Qe5 19. Qg4 Qe6 20. Qf3 d5 21. Rg4 dxe4
22. dxe4 Re8 23. Na3 Bxa3 24. Rxa3 Ne7 0-1

[Event "30th NATO Chess Championship"]
[Site "Berlin"]
[Date "2019.09.17"]
[Round "3.36"]
[White "Balmaceda, Enrico"]
[Black "Kries, Yvon"]
[Result "1/2-1/2"]
[WhiteElo "2006"]
[BlackElo "1741"]
[PlyCount "106"]
[EventDate "2019.09.16"]
[EventType "team-tourn"]
[EventRounds "7"]
[EventCountry "GER"]
[WhiteTeam "USA"]
[BlackTeam "LUX"]

1. d4 f5 2. Nf3 Nf6 3. g3 e6 4. Bg2 d5 5. O-O Bd6 6. c4 c6 7. b3 Qe7 8. Bb2 O-O
9. e3 Bd7 10. Ne5 Be8 11. Nc3 Bh5 12. Qe1 Nbd7 13. Nxd7 Qxd7 14. Rc1 Rae8 15.
f4 Kh8 16. Nb1 Rg8 17. Ba3 Bc7 18. Nd2 g5 19. Bb2 Ba5 20. a3 g4 21. b4 Bc7 22.
Rf2 Bg6 23. Nf1 h5 24. Rfc2 Rc8 25. a4 Qd8 26. Qe2 Be8 27. b5 Kh7 28. Qd3 Ne4
29. Bxe4 fxe4 30. Qb3 h4 31. Ba3 Rb8 32. cxd5 exd5 33. Rb1 Rg6 34. Rbb2 Rh6 35.
Bc5 Ra8 36. Qa3 h3 37. Nd2 Bd6 38. Qc3 a6 39. bxa6 bxa6 40. Rb7+ Kg8 41. Bxd6
Qxd6 42. Rcb2 Rh7 43. Qc5 Qxc5 44. dxc5 Ra7 45. Rb8 Kf8 46. R2b6 Rhc7 47. Nb3
Ke7 48. Nd4 Kd7 49. Kf2 Rc8 50. Rxc8 Kxc8 51. Nxc6 Rc7 52. Rb8+ Kd7 53. Ne5+
Ke7 1/2-1/2

[Event "30th NATO Chess Championship"]
[Site "Berlin"]
[Date "2019.09.17"]
[Round "3.37"]
[White "Simard, Francois"]
[Black "Tucker, David Sidney"]
[Result "0-1"]
[WhiteElo "1755"]
[BlackElo "1997"]
[PlyCount "92"]
[EventDate "2019.09.16"]
[EventType "team-tourn"]
[EventRounds "7"]
[EventCountry "GER"]
[WhiteTeam "CAN"]
[BlackTeam "ENG"]

1. d4 c5 2. Nf3 Nf6 3. g3 g6 4. Bg2 Bg7 5. O-O cxd4 6. Nxd4 Nc6 7. c3 O-O 8.
Nd2 d5 9. N2f3 Re8 10. e3 e5 11. Nb3 a5 12. h3 a4 13. Nbd2 Bf5 14. Ne1 h5 15.
Ndf3 Qd7 16. Kh2 Bh6 17. Nc2 g5 18. Ng1 e4 19. Nd4 Nxd4 20. exd4 Ra6 21. a3 Kg7
22. Be3 Rb6 23. Qd2 Kg6 24. Kh1 Rh8 25. f3 g4 26. fxg4 hxg4 27. Bxh6 Rxh6 28.
h4 Nh5 29. Qg5+ Kh7 30. Kh2 Ng7 31. Rf2 Rh5 32. Qe3 Qc7 33. Kh1 Bg6 34. Ne2
Rxb2 35. Nf4 Nf5 36. Qe1 Rxf2 37. Nxh5 Nxg3+ 38. Kg1 Rxg2+ 39. Kxg2 Nxh5 40.
Rb1 e3 41. Rb4 Nf4+ 42. Kg1 Nh3+ 43. Kf1 Bd3+ 44. Kg2 Be4+ 45. Kf1 Qf4+ 46. Ke2
Qf3# 0-1

[Event "30th NATO Chess Championship"]
[Site "Berlin"]
[Date "2019.09.17"]
[Round "3.38"]
[White "Farrell, John F"]
[Black "Charles, Freddy"]
[Result "0-1"]
[WhiteElo "1985"]
[BlackElo "1655"]
[PlyCount "110"]
[EventDate "2019.09.16"]
[EventType "team-tourn"]
[EventRounds "7"]
[EventCountry "GER"]
[WhiteTeam "USA"]
[BlackTeam "BEL"]

1. c4 d6 2. g3 e5 3. Bg2 Nf6 4. Nc3 c6 5. d4 Nbd7 6. e4 Be7 7. Nge2 O-O 8. O-O
Re8 9. h3 Bf8 10. Be3 a6 11. Kh2 b5 12. cxb5 cxb5 13. d5 Bb7 14. Rc1 Rc8 15.
Qd2 Nb6 16. b3 Nbd7 17. g4 Nc5 18. Ng3 g6 19. Bg5 Bg7 20. Kg1 Qa5 21. Rfd1 Rc7
22. Qb2 b4 23. Nb1 Rec8 24. Qe2 h6 25. Be3 Kh7 26. g5 Nfd7 27. gxh6 Bxh6 28.
Bxh6 Kxh6 29. Nf1 Rh8 30. Ne3 Rcc8 31. Nc4 Qc7 32. Qd2+ Kg7 33. Qxb4 Rh4 34.
Qa5 Qb8 35. Qe1 Rch8 36. Nc3 Nf6 37. b4 Ncd7 38. Qe3 Nh5 39. Ne2 Nf4 40. Nxf4
Rxf4 41. Nb2 Bc8 42. Nd3 Rfh4 43. f3 Nf6 44. Kf2 Bxh3 45. Rh1 Bd7 46. Rxh4 Rxh4
47. Rh1 Rxh1 48. Bxh1 Qc7 49. Bg2 Bb5 50. Qc1 Qd8 51. Nb2 Nh5 52. Nd1 Qh4+ 53.
Kg1 Nf4 54. Qe3 Qg3 55. Qf2 Nh3+ 0-1

[Event "30th NATO Chess Championship"]
[Site "Berlin"]
[Date "2019.09.17"]
[Round "3.39"]
[White "Vael, Steve"]
[Black "Almonti, Alessandro"]
[Result "0-1"]
[WhiteElo "1602"]
[BlackElo "1976"]
[PlyCount "70"]
[EventDate "2019.09.16"]
[EventType "team-tourn"]
[EventRounds "7"]
[EventCountry "GER"]
[WhiteTeam "LUX"]
[BlackTeam "ITA"]

1. d4 d6 2. Nf3 c6 3. c4 g6 4. h3 Bg7 5. Bf4 Nd7 6. Nc3 e5 7. dxe5 dxe5 8. Bg5
f6 9. Bh4 Nh6 10. e4 Qe7 11. a3 a5 12. Be2 Nf7 13. O-O O-O 14. Rb1 Rd8 15. Qc2
Nf8 16. b4 axb4 17. axb4 Ne6 18. Rfd1 Rxd1+ 19. Qxd1 Nf4 20. Bf1 Be6 21. b5 g5
22. Bg3 Ng6 23. Nd2 Rd8 24. Qc2 h5 25. f3 Nf4 26. Bf2 Nh6 27. Ne2 g4 28. Nxf4
exf4 29. fxg4 hxg4 30. hxg4 Nxg4 31. Bb6 Rc8 32. Qd3 Kf7 33. Be2 Rh8 34. bxc6
Ne5 35. Qc2 bxc6 0-1

[Event "30th NATO Chess Championship"]
[Site "Berlin"]
[Date "2019.09.17"]
[Round "3.40"]
[White "Steffers, Hendrik"]
[Black "Steen, Kris"]
[Result "1-0"]
[WhiteElo "1965"]
[BlackElo "1526"]
[PlyCount "33"]
[EventDate "2019.09.16"]
[EventType "team-tourn"]
[EventRounds "7"]
[EventCountry "GER"]
[WhiteTeam "NED"]
[BlackTeam "BEL"]

1. d4 Nf6 2. Nf3 e6 3. e3 c5 4. Bd3 d5 5. b3 Bd6 6. Bb2 Nc6 7. Nbd2 O-O 8. O-O
Re8 9. Ne5 Qc7 10. f4 Nd7 11. Bxh7+ Kxh7 12. Qh5+ Kg8 13. Qxf7+ Kh7 14. Qg6+
Kg8 15. Qxe8+ Kh7 16. Rf3 Nf8 17. Qh5+ 1-0

[Event "30th NATO Chess Championship"]
[Site "Berlin"]
[Date "2019.09.17"]
[Round "3.41"]
[White "Echavarria Hidalgo, Fernando"]
[Black "Stankowski, Aleksander"]
[Result "0-1"]
[WhiteElo "1750"]
[BlackElo "2022"]
[PlyCount "56"]
[EventDate "2019.09.16"]
[EventType "team-tourn"]
[EventRounds "7"]
[EventCountry "GER"]
[WhiteTeam "CAN"]
[BlackTeam "POL"]

1. Nf3 Nf6 2. c4 g6 3. d4 Bg7 4. Nc3 O-O 5. e4 d6 6. Be2 e5 7. d5 Nh5 8. Be3 f5
9. Qb3 Nf4 10. Bxf4 exf4 11. Bd3 Re8 12. Nd2 Na6 13. O-O-O Nc5 14. Qc2 a6 15.
f3 b5 16. cxb5 Nxd3+ 17. Qxd3 axb5 18. a3 Bd7 19. exf5 Re3 20. Qc2 Bxc3 21.
fxg6 Bxd2+ 22. Rxd2 Qf6 23. gxh7+ Kh8 24. Rd3 Qe5 25. Rxe3 Qxe3+ 26. Kb1 Qe5
27. Qd2 Bf5+ 28. Kc1 Rxa3 0-1

[Event "30th NATO Chess Championship"]
[Site "Berlin"]
[Date "2019.09.17"]
[Round "3.42"]
[White "Tremblay, Mario"]
[Black "Demjen, Attila"]
[Result "0-1"]
[WhiteElo "1652"]
[BlackElo "1889"]
[PlyCount "68"]
[EventDate "2019.09.16"]
[EventType "team-tourn"]
[EventRounds "7"]
[EventCountry "GER"]
[WhiteTeam "CAN"]
[BlackTeam "HUN"]

1. e4 c6 2. d4 d5 3. e5 Bf5 4. Ne2 e6 5. Ng3 Bg6 6. h4 h6 7. h5 Bh7 8. Bd3 Bxd3
9. cxd3 Nd7 10. Qg4 Qa5+ 11. Nc3 Qb4 12. Nge2 Nxe5 13. Qg3 Nd7 14. O-O Ngf6 15.
Qh2 Bd6 16. Bf4 Bxf4 17. Qxf4 Nxh5 18. Qh2 Nhf6 19. a3 Qe7 20. f4 Ng4 21. Qg3
f5 22. b4 O-O 23. Rae1 Qf7 24. Qh3 Ndf6 25. Ng3 Rfe8 26. Re2 g6 27. Nd1 Kg7 28.
Ne3 Nxe3 29. Rxe3 Ng4 30. Ref3 a5 31. Nh1 axb4 32. axb4 Qf6 33. Nf2 Qxd4 34.
Kh1 h5 0-1

[Event "30th NATO Chess Championship"]
[Site "Berlin"]
[Date "2019.09.17"]
[Round "3.43"]
[White "Millener, Richard"]
[Black "Adolfssen, Rico"]
[Result "1/2-1/2"]
[WhiteElo "1735"]
[BlackElo "1864"]
[PlyCount "61"]
[EventDate "2019.09.16"]
[EventType "team-tourn"]
[EventRounds "7"]
[EventCountry "GER"]
[WhiteTeam "ENG"]
[BlackTeam "DEN"]

1. d4 b6 2. e4 Bb7 3. Bd3 Nf6 4. Qe2 e6 5. Nf3 c5 6. c3 d5 7. e5 Nfd7 8. Be3
Nc6 9. Nbd2 cxd4 10. cxd4 Nb4 11. O-O Nxd3 12. Qxd3 a5 13. Bg5 Be7 14. Bxe7
Qxe7 15. Rfc1 O-O 16. Rc7 Ba6 17. Qb3 Rfc8 18. Rac1 Qd8 19. Qc3 Rxc7 20. Qxc7
Qe7 21. Rc3 h6 22. h3 Rc8 23. Qa7 Rxc3 24. bxc3 Bb5 25. Kh2 Qa3 26. Qa8+ Kh7
27. Qe8 Qf8 28. Qxf8 Nxf8 29. h4 Ng6 30. g3 Ne7 31. g4 1/2-1/2

[Event "30th NATO Chess Championship"]
[Site "Berlin"]
[Date "2019.09.17"]
[Round "3.44"]
[White "Windey, Luc"]
[Black "Korge, Kersti"]
[Result "0-1"]
[WhiteElo "1628"]
[BlackElo "1842"]
[PlyCount "110"]
[EventDate "2019.09.16"]
[EventType "team-tourn"]
[EventRounds "7"]
[EventCountry "GER"]
[WhiteTeam "BEL"]
[BlackTeam "EST"]

1. d4 Nf6 2. Nf3 g6 3. Bf4 d6 4. e3 Bg7 5. Nbd2 O-O 6. c3 Nbd7 7. Qb3 c5 8. Bc4
Nb6 9. O-O Nxc4 10. Qxc4 b6 11. Rad1 a5 12. Rfe1 Ba6 13. Qb3 a4 14. Qc2 Qd7 15.
b3 axb3 16. axb3 cxd4 17. cxd4 Rfc8 18. Qb2 Nd5 19. Rc1 Nb4 20. Rxc8+ Rxc8 21.
Rc1 Nd3 22. Rxc8+ Qxc8 23. Qa1 Qc1+ 24. Qxc1 Nxc1 25. Bg5 Kf8 26. Ne1 h6 27.
Bh4 g5 28. Bg3 f5 29. Nc2 e5 30. dxe5 dxe5 31. f3 Ne2+ 32. Kh1 Ke7 33. Nb4 Bb7
34. Nc4 Nxg3+ 35. hxg3 e4 36. f4 Bc3 37. Nc2 b5 38. N4a3 Bc6 39. Kg1 Kd6 40.
Kf2 Kc5 41. Nb1 Bf6 42. g4 fxg4 43. Kg3 h5 44. Nd2 h4+ 45. Kxg4 Bd7+ 46. f5 Kd5
47. Nd4 Bxd4 48. exd4 Kxd4 49. Kxg5 Ke3 50. f6 Be6 51. Nb1 Kd3 52. Kxh4 e3 53.
Kg3 Bxb3 54. Kf3 Bd5+ 55. Kg3 b4 0-1

[Event "30th NATO Chess Championship"]
[Site "Berlin"]
[Date "2019.09.17"]
[Round "3.45"]
[White "Cappon, Kaan"]
[Black "Tikerpuu, Mati"]
[Result "0-1"]
[WhiteElo "1841"]
[BlackElo "1717"]
[PlyCount "72"]
[EventDate "2019.09.16"]
[EventType "team-tourn"]
[EventRounds "7"]
[EventCountry "GER"]
[WhiteTeam "BEL"]
[BlackTeam "EST"]

1. e4 d5 2. exd5 Qxd5 3. Nc3 Qa5 4. Be2 Nf6 5. Nf3 Bg4 6. d3 c6 7. Bd2 Qc7 8.
h3 Bh5 9. O-O Nbd7 10. Nh2 Bxe2 11. Qxe2 e6 12. Ng4 Nxg4 13. Qxg4 Nf6 14. Qd4
Bd6 15. Rae1 b6 16. Bg5 O-O-O 17. Qh4 h6 18. Bxf6 gxf6 19. Qxf6 Rhg8 20. f4 Rg6
21. Qh4 Rdg8 22. Re2 f5 23. Qe1 Qg7 24. Qd2 Rg3 25. Kh1 Bc5 26. Nd1 Qf6 27. c3
Qh4 28. Qe1 Bd6 29. Rf3 Bxf4 30. Rxg3 Bxg3 31. Qf1 Qf6 32. Qf3 Kb7 33. Ne3 Bc7
34. d4 Rg3 35. Qf2 f4 36. Nf1 f3 0-1

[Event "30th NATO Chess Championship"]
[Site "Berlin"]
[Date "2019.09.17"]
[Round "3.46"]
[White "Gaiducis, Sergejus"]
[Black "Ivsek, Cveto"]
[Result "0-1"]
[WhiteElo "1590"]
[BlackElo "1755"]
[PlyCount "62"]
[EventDate "2019.09.16"]
[EventType "team-tourn"]
[EventRounds "7"]
[EventCountry "GER"]
[WhiteTeam "LTU"]
[BlackTeam "SLO"]

1. e4 c5 2. Nf3 Nc6 3. d4 cxd4 4. Nxd4 e6 5. Nxc6 bxc6 6. Bd3 Ne7 7. Be3 Ng6 8.
Nd2 Be7 9. Nf3 O-O 10. O-O Qc7 11. Ng5 Qe5 12. f4 Qxb2 13. Nxh7 Re8 14. Qh5 e5
15. f5 Nf4 16. Bxf4 exf4 17. Bc4 Qd4+ 18. Kh1 Qxc4 19. Rxf4 Qd4 20. Raf1 Ba6
21. f6 Bxf1 22. fxg7 Bxg2+ 23. Kxg2 Qxg7+ 24. Rg4 Qxg4+ 25. Qxg4+ Kxh7 26. Qh5+
Kg7 27. Qg4+ Kf8 28. Qh5 Bf6 29. Qh6+ Ke7 30. Qf4 d6 31. h4 Rh8 0-1

[Event "30th NATO Chess Championship"]
[Site "Berlin"]
[Date "2019.09.17"]
[Round "3.47"]
[White "Kruit, Erik"]
[Black "Ulusoy, Mustafa"]
[Result "1-0"]
[WhiteElo "1941"]
[BlackElo "1625"]
[PlyCount "77"]
[EventDate "2019.09.16"]
[EventType "team-tourn"]
[EventRounds "7"]
[EventCountry "GER"]
[WhiteTeam "NED"]
[BlackTeam "TUR"]

1. e4 b6 2. Nf3 Bb7 3. Nc3 e6 4. d4 Bb4 5. Bd3 Bxc3+ 6. bxc3 d5 7. e5 Ba6 8.
O-O Bxd3 9. cxd3 Ne7 10. Re1 Nd7 11. a4 O-O 12. Bg5 Re8 13. Qc1 Rc8 14. Qf4 Nf8
15. Qg4 Nfg6 16. h4 h6 17. Bd2 Nf5 18. g3 Kh7 19. h5 Nh8 20. Qh3 Ne7 21. Nh2
Ng8 22. Nf3 f5 23. g4 fxg4 24. Qxg4 Nf7 25. Kh1 Qe7 26. Qg6+ Kh8 27. Rg1 Qf8
28. Nh4 c5 29. Rg3 Rc7 30. Rf3 Qe7 31. Qg4 Qd7 32. Rg1 Nd8 33. Ng6+ Kh7 34.
Nf8+ Rxf8 35. Rxf8 Qe7 36. Qg6+ Kh8 37. Qxh6+ gxh6 38. Rgxg8+ Kh7 39. Rh8+ 1-0

[Event "30th NATO Chess Championship"]
[Site "Berlin"]
[Date "2019.09.17"]
[Round "3.48"]
[White "Graham, Frazer"]
[Black "Langer, Herb"]
[Result "1-0"]
[WhiteElo "1923"]
[BlackElo "1751"]
[PlyCount "45"]
[EventDate "2019.09.16"]
[EventType "team-tourn"]
[EventRounds "7"]
[EventCountry "GER"]
[WhiteTeam "ENG"]
[BlackTeam "CAN"]

1. e4 e6 2. d4 d5 3. Nd2 dxe4 4. Nxe4 Nd7 5. Nf3 Ngf6 6. Bd3 Be7 7. O-O O-O 8.
Re1 Nxe4 9. Bxe4 Nf6 10. Qe2 Nxe4 11. Qxe4 Rb8 12. Bf4 Bd6 13. Rad1 b6 14. Ng5
g6 15. Bxd6 Qxg5 16. Bxf8 Bb7 17. d5 Bxd5 18. Rxd5 exd5 19. Be7 Qd2 20. Qe5 Re8
21. Qh8+ Kxh8 22. Bf6+ Kg8 23. Rxe8# 1-0

[Event "30th NATO Chess Championship"]
[Site "Berlin"]
[Date "2019.09.17"]
[Round "3.49"]
[White "Ivanovs, Aleksejs"]
[Black "Drenthen, Arjan"]
[Result "0-1"]
[WhiteElo "1757"]
[BlackElo "1917"]
[PlyCount "146"]
[EventDate "2019.09.16"]
[EventType "team-tourn"]
[EventRounds "7"]
[EventCountry "GER"]
[WhiteTeam "LAT"]
[BlackTeam "NED"]

1. d4 d5 2. Bf4 Nf6 3. e3 c5 4. c3 Nc6 5. Nd2 Bf5 6. Ngf3 e6 7. Be2 Bd6 8. Bxd6
Qxd6 9. h3 O-O 10. O-O h6 11. dxc5 Qxc5 12. Nd4 Bg6 13. N2f3 Rfe8 14. Nxc6 bxc6
15. Ne5 Bh7 16. Bd3 Ne4 17. Bxe4 Bxe4 18. Qh5 Re7 19. Rac1 Qd6 20. Ng4 e5 21.
Rfd1 Rd8 22. f3 Bg6 23. Qh4 f6 24. Kh1 c5 25. Qf2 a5 26. Qd2 a4 27. c4 d4 28.
Qa5 Rb7 29. exd4 exd4 30. Rd2 Rdb8 31. Qxa4 Rxb2 32. Rxb2 Rxb2 33. Qa8+ Kh7 34.
Qd5 Qg3 35. Rg1 Rxa2 36. Qxc5 h5 37. Nxf6+ gxf6 38. Qxd4 Qg5 39. c5 Rc2 40. c6
Be8 41. c7 Rxc7 42. Qd8 Qe5 43. Rd1 Qe7 44. Qxe7+ Rxe7 45. h4 Kg6 46. Kh2 Bc6
47. Kg3 Kf5 48. Rd4 Rg7+ 49. Kf2 Ke5 50. Rb4 Rb7 51. Rc4 Bd5 52. Ra4 Rc7 53.
Ke3 Rc2 54. f4+ Ke6 55. g3 Ra2 56. Rb4 Ra5 57. Rb6+ Kf5 58. Kd4 Ba8 59. Rb8 Bf3
60. Ke3 Bc6 61. Kd4 Ra4+ 62. Kc5 Bg2 63. Rg8 Ra8 64. Rg7 Rd8 65. Rh7 Kg6 66.
Ra7 Rd3 67. f5+ Kxf5 68. Rg7 Bf3 69. Kc4 Rd1 70. Kc5 Bg4 71. Ra7 Rd3 72. Ra5
Rxg3 73. Kd4+ Kg6 0-1